Тарас Шевченко в критиці (Запис № 396821)

МАРК-запис
000 -Лідер
fixed length control field 00600nam a22002297a 4500
003 - Ідентифікатор контрольного номера
control field UA-OsUOA
001 - Контрольний номер
control field 111556
007 - Фіксоване поле фізичного опису
fixed length control field ta
008 - Елементи даних фіксованої довжини – загальна інформація
fixed length control field 20150525b un ||||| |||| 00| 0 ukr d
090 ## - Локальний шифр розміщення
Класифікаційний індекс УДК 82.09(477)
Авторський знак (НП) Ш37
040 ## - Джерело каталогізації
Агенція оригінальної каталогізації UA-OsUOA
Мова каталогізації ukr
Агенція, яка здійснювала перезапис UA-OsUOA
Агенція, яка здійснювала модифікацію UA-OsUOA
041 ## - Код мови
Код мови тексту/ звукової доріжки чи окремого заголовка (П) ukr
080 ## - Індекс Універсальної десяткової класифікації
Індекс Універсальної десяткової класифікації (УДК) (НП) 82.09(477)
020 ## - Міжнародний стандартний книжковий номер (ISBN)
Міжнародний стандартний книжковий номер (ISBN) (НП) 978-966-8978-69-2
245 ## - Відомості про назву
Назва (НП) Тарас Шевченко в критиці
260 ## - Публікація, розповсюдження і т.п. (Вихідні дані)
Місце публікації, розповсюдження і т.п. (П) К.
Ім’я/ наймення видавництва, розповсюджувача і т.п. (П) Критика
Дата публікації, розповсюдження і т.п. (П) 2013
300 ## - Фізичний опис
Обсяг 804 с.
650 #7 - Додаткове предметне введення – тематичний термін
Тематичний термін чи географічна назва, як елемент введення (НП) 82 Література. Літературознавство
Джерело заголовка чи терміна UDC
942 ## - Додаткові елементи входу (Коха)
Тип елемента Koha Книги
955 ## - Код типу видання за змістом
Код типу видання за змістом (НП) Наукові видання
Фонди
Стан вилучень Стан втрат Джерело класифікації або схеми стелажів Стан уражень Не для кредиту Постійне місце розташування Поточне розміщення Дата придбання Джерело придбання Вартість, звичайна ціна покупки Інвентарний номер Усього замовленно Повний номер виклику Штрих-код Дата останнього перегляду Дата останньої перевірки Ціна ефективна від Тип елемента Koha
    Universal Decimal Classification     АБ - Абонемент НБ АБ - Абонемент НБ 21/09/2016 35/2016 50.00 151969   82.09(477) Ш37 151969 11/02/2022   25/05/2015 Книги
    Universal Decimal Classification     ЧЗ - Читальна зала ЧЗ - Читальна зала 25/05/2015 22/2015 50.00 148099 1 82.09(477) Ш37 148099 09/02/2022 24/10/2019 25/05/2015 Книги
    Universal Decimal Classification     ЧЗ - Читальна зала ЧЗ - Читальна зала 21/09/2016 35/2016 50.00 151970   82.09(477) Ш37 151970 09/02/2022   25/05/2015 Книги